[Event "IV Torneo B Primavera Vomero"]
[Site "Napoli ITA"]
[Date "2007.05.03"]
[Round "7"]
[White "Caccaviello, Vincenzo"]
[Black "Borrelli, Salvatore"]
[Result "1-0"]
[WhiteElo "1664"]
[BlackElo "1614"]
[PlyCount "87"]
[EventDate "2007.03.22"]

1. e4 c5 2. Nf3 d6 3. d4 Nf6 4. dxc5 Nxe4 5. cxd6 Qb6 6. Qe2 Nxd6 7. Nc3 e6 8.
g3 Be7 9. Bg2 Nc6 10. O-O O-O 11. a3 Bd7 12. b4 Bf6 13. Bb2 Nf5 14. Na4 Qd8 15.
Bxf6 Qxf6 16. Nc5 Bc8 17. Rad1 Rd8 18. Rxd8+ Qxd8 19. Rd1 Qc7 20. c4 b6 21. Nd3
Bb7 22. c5 Ba6 23. Qc2 Bxd3 24. Rxd3 Rd8 25. cxb6 Qxb6 26. Rxd8+ Nxd8 27. Ne5
Ne3 28. Qc8 Nxg2 29. Kxg2 Qb7+ 30. Qxb7 Nxb7 31. b5 Nd6 32. a4 Kf8 33. Nc6 Nc8
34. a5 Ke8 35. a6 Kd7 36. Nxa7 Nb6 37. f4 Kc7 38. Kf3 Nd5 39. Nc6 Kb6 40. Nd8
Kxb5 41. a7 Nc7 42. Nxf7 h6 43. Nd6+ Kb6 44. Ne8 1-0

[Event "IV Torneo B Primavera Vomero"]
[Site "Napoli ITA"]
[Date "2007.05.03"]
[Round "7"]
[White "Caporali, Dante"]
[Black "Della Pietra, Antonio"]
[Result "1-0"]
[WhiteElo "1631"]
[BlackElo "1431"]
[PlyCount "61"]
[EventDate "2007.03.22"]

1. d4 Nf6 2. c4 g6 3. Nc3 Bg7 4. e4 d6 5. f4 O-O 6. Nf3 Bg4 7. Be2 Nbd7 8. O-O
Nb6 9. h3 Bxf3 10. Rxf3 Nh5 11. e5 dxe5 12. fxe5 Bh8 13. g4 Ng7 14. Bh6 e6 15.
Ne4 f5 16. exf6 Rxf6 17. Nxf6+ Kf7 18. Nxh7+ Kg8 19. Rf8+ Qxf8 20. Nxf8 Rxf8
21. Qd2 Rd8 22. Rc1 Ne8 23. Be3 c5 24. Qc2 Kg7 25. d5 exd5 26. Bxc5 Nd7 27.
Bd4+ Kh7 28. Bxh8 Kxh8 29. Qxg6 dxc4 30. Qh6+ Kg8 31. Bxc4# 1-0

[Event "IV Torneo B Primavera Vomero"]
[Site "Napoli ITA"]
[Date "2007.05.03"]
[Round "7"]
[White "Giglio, Achille"]
[Black "Isoldo, Salvatore"]
[Result "1-0"]
[WhiteElo "1741"]
[BlackElo "1485"]
[PlyCount "113"]
[EventDate "2007.03.22"]

1. e4 c5 2. Nf3 d6 3. c3 Nc6 4. Bb5 Nf6 5. d3 Bd7 6. O-O e6 7. Bg5 Be7 8. Nbd2
O-O 9. Ba4 a6 10. h3 Qc7 11. Re1 Rfe8 12. Be3 Rac8 13. Rc1 b5 14. Bc2 a5 15. d4
b4 16. Bb1 h6 17. Bf4 Qa7 18. Nc4 d5 19. Nd6 Bxd6 20. Bxd6 c4 21. e5 Nh7 22.
Qc2 f5 23. g4 bxc3 24. bxc3 Ne7 25. Nh4 Ng5 26. Kh2 Ne4 27. Ba3 Ra8 28. f3 Ng5
29. Rg1 Bc8 30. Rcf1 Qd7 31. Bc1 Kf7 32. Ng2 Rh8 33. h4 Nh7 34. Nf4 Ke8 35. Qd1
g5 36. Ng2 f4 37. Bc2 Bb7 38. Rh1 Nf8 39. Kg1 Nfg6 40. hxg5 hxg5 41. Kf2 Rg8
42. Rh7 Bc6 43. Rfh1 Kd8 44. Ba3 Kc7 45. Bd6+ Kb6 46. R7h6 Qe8 47. Qb1+ Ka6 48.
Bc7 Rb8 49. Bxb8 Qxb8 50. Bxg6 Nxg6 51. Qxb8 Rxb8 52. Rxg6 Rb2+ 53. Kf1 Rxa2
54. Rxe6 Kb5 55. Rhh6 Ba8 56. Re8 Bc6 57. Rb8+ 1-0

[Event "IV Torneo B Primavera Vomero"]
[Site "Napoli ITA"]
[Date "2007.05.03"]
[Round "7"]
[White "Sanso', Amedeo"]
[Black "Di Gennaro, Antonio"]
[Result "1-0"]
[WhiteElo "1637"]
[BlackElo "1601"]
[PlyCount "73"]
[EventDate "2007.03.22"]

1. e4 c5 2. Nf3 d6 3. d4 cxd4 4. Nxd4 Nf6 5. Nc3 a6 6. Be3 e5 7. Nb3 Be6 8. Be2
Be7 9. Qd2 Nbd7 10. a4 Rc8 11. f3 Nb6 12. O-O O-O 13. Rad1 Nc4 14. Bxc4 Bxc4
15. Rfe1 Qc7 16. Qf2 Nd7 17. f4 f5 18. Nd2 Be6 19. exf5 Rxf5 20. g4 Rff8 21. f5
d5 22. Nf3 d4 23. Nxd4 exd4 24. Bxd4 Qd8 25. Rxe6 Bh4 26. Qe2 Rf7 27. Bf2 Bf6
28. Bd4 Bh4 29. Qe4 h5 30. h3 Qc7 31. Re8+ Rxe8 32. Qxe8+ Rf8 33. Qe3 hxg4 34.
hxg4 Bg3 35. Kg2 Bf4 36. Qe6+ Kh8 37. Rh1+ 1-0

[Event "C.to Provinciale FE"]
[Site "Ferrara ITA"]
[Date "2007.03.16"]
[Round "3"]
[White "Binder, Andrea"]
[Black "Balboni, Lamberto"]
[Result "0-1"]
[WhiteElo "1760"]
[BlackElo "1751"]
[PlyCount "70"]
[EventDate "2007.03.09"]

1. Nf3 Nf6 2. g3 d5 3. Bg2 e6 4. O-O c6 5. d3 Be7 6. Nbd2 Nbd7 7. e4 dxe4 8.
dxe4 O-O 9. Qe2 Qc7 10. a4 b6 11. Re1 Bb7 12. e5 Nd5 13. h4 c5 14. Nf1 h6 15.
h5 Rfd8 16. N1h2 Nf8 17. Ng4 Nh7 18. Qc4 Kh8 19. Nd2 Ng5 20. Ne4 Nxe4 21. Bxe4
Nb4 22. Bxb7 Qxb7 23. Qe2 Rd7 24. Bf4 Rad8 25. Rad1 Qc6 26. b3 Na2 27. Rxd7
Rxd7 28. Ne3 Nc3 29. Qg4 Qe4 30. Ng2 Qxc2 31. Qf3 Qxb3 32. Qa8+ Rd8 33. Qxa7
Re8 34. a5 bxa5 35. Qxa5 Nd5 0-1

[Event "V Open B"]
[Site "Montebelluna ITA"]
[Date "2007.03.09"]
[Round "1"]
[White "Basset, Sergio"]
[Black "Campagnola, Giacomo"]
[Result "1-0"]
[WhiteElo "1598"]
[BlackElo "1425"]
[PlyCount "61"]
[EventDate "2007.03.09"]

1. d4 Nf6 2. c4 d6 3. Nc3 g6 4. e4 Bg7 5. Be2 O-O 6. Bg5 Nc6 7. d5 Nb8 8. Qd2
c6 9. Nf3 Bg4 10. O-O Nfd7 11. Ne1 Bxe2 12. Qxe2 f6 13. Be3 Ne5 14. f4 Nf7 15.
f5 Ne5 16. Nf3 Nbd7 17. Nxe5 Nxe5 18. c5 Qc7 19. Rac1 b6 20. cxd6 exd6 21. Nb5
Qd7 22. dxc6 Nxc6 23. Rfd1 Rfc8 24. Rxd6 Qb7 25. Qc4+ Kh8 26. Rxc6 Rxc6 27.
Qxc6 Qe7 28. Qd6 Qf7 29. b3 Rg8 30. Nd4 Qb7 31. Qd5 1-0

[Event "V Open B"]
[Site "Montebelluna ITA"]
[Date "2007.03.09"]
[Round "1"]
[White "Biagioli, Marco"]
[Black "Tonus, Alex"]
[Result "0-1"]
[WhiteElo "1467"]
[BlackElo "1696"]
[PlyCount "62"]
[EventDate "2007.03.09"]

1. d4 Nf6 2. Bf4 g6 3. e3 Bg7 4. h3 d6 5. Nf3 Nbd7 6. Be2 O-O 7. O-O c5 8. c3
b6 9. Nbd2 Bb7 10. Qc2 a6 11. a4 Qc7 12. Rfc1 Rac8 13. a5 b5 14. Bh2 Rfe8 15.
e4 cxd4 16. Nxd4 Nc5 17. Bf3 Nfd7 18. N4b3 Na4 19. Nf1 Ne5 20. Bxe5 Bxe5 21.
Qd2 Qd7 22. Bg4 e6 23. f4 Bg7 24. e5 Red8 25. Rd1 Qc7 26. exd6 Qc4 27. d7 Rc7
28. Be2 Qxb3 29. Qd6 Rcxd7 30. Qxd7 Rxd7 31. Rxd7 Qxb2 0-1

[Event "V Open B"]
[Site "Montebelluna ITA"]
[Date "2007.03.09"]
[Round "1"]
[White "Bianchin, Raffaele"]
[Black "Tomio, Dante"]
[Result "0-1"]
[WhiteElo "1506"]
[BlackElo "1953"]
[PlyCount "52"]
[EventDate "2007.03.09"]

1. e4 c5 2. Nf3 d6 3. d4 cxd4 4. Nxd4 Nf6 5. Nc3 e6 6. Bb5+ Bd7 7. Bxd7+ Qxd7
8. O-O Nc6 9. Re1 Be7 10. Nxc6 bxc6 11. Qd3 O-O 12. Bg5 Rfd8 13. Rad1 Qc7 14.
Qg3 Rab8 15. b3 Qa5 16. Bd2 Qc7 17. Bh6 Bf8 18. Bg5 Kh8 19. f4 e5 20. fxe5 dxe5
21. Rxd8 Rxd8 22. Bxf6 gxf6 23. Qf3 Be7 24. Rd1 Qb6+ 25. Qf2 Rxd1+ 26. Nxd1 Bc5
0-1

[Event "V Open B"]
[Site "Montebelluna ITA"]
[Date "2007.03.09"]
[Round "1"]
[White "Bressan, Andrea"]
[Black "Borghi, Bruno"]
[Result "1-0"]
[WhiteElo "1419"]
[BlackElo "1592"]
[PlyCount "121"]
[EventDate "2007.03.09"]

1. e4 e5 2. Nf3 Nc6 3. Bb5 a6 4. Bxc6 dxc6 5. O-O f6 6. d4 exd4 7. Nxd4 Ne7 8.
Re1 c5 9. Qh5+ Ng6 10. Nf5 Qd7 11. Nc3 Bd6 12. Nxd6+ cxd6 13. Nd5 Qg4 14. Nc7+
Kf7 15. Qxg4 Bxg4 16. Nxa8 Rxa8 17. f4 Bd7 18. b3 Re8 19. Bd2 Bc6 20. e5 dxe5
21. fxe5 Nxe5 22. Bc3 b5 23. Rad1 b4 24. Bxe5 fxe5 25. Re3 Ke6 26. c4 e4 27.
Kf2 Rf8+ 28. Ke2 a5 29. h3 Ra8 30. Rg3 a4 31. Rxg7 axb3 32. axb3 Ra2+ 33. Rd2
Ra3 34. Rb2 Ke5 35. Rxh7 Kd4 36. Rh6 Kc3 37. Rxc6 Kxb2 38. Rxc5 Rxb3 39. Rb5
Ka3 40. Rg5 Rc3 41. Ra5+ Kb2 42. h4 Rxc4 43. h5 b3 44. g4 Kc2 45. Rb5 b2 46. h6
b1=Q 47. Rxb1 Kxb1 48. Ke3 Rc6 49. g5 Rg6 50. h7 Rxg5 51. h8=Q Rb5 52. Qh1+ Kb2
53. Qxe4 Rb3+ 54. Kf4 Ka3 55. Qa8+ Kb2 56. Ke4 Rb4+ 57. Kd3 Rb3+ 58. Kd2 Rb4
59. Qh8+ Kb1 60. Kc3 Rb7 61. Qa8 1-0

[Event "V Open B"]
[Site "Montebelluna ITA"]
[Date "2007.03.09"]
[Round "1"]
[White "Bressan, Paolo"]
[Black "Negro, Raffaele"]
[Result "0-1"]
[WhiteElo "1484"]
[BlackElo "1763"]
[PlyCount "97"]
[EventDate "2007.03.09"]

1. e4 g6 2. d4 Bg7 3. Nf3 d6 4. Nc3 Nd7 5. Bd3 a6 6. O-O e6 7. h3 Ne7 8. Be3 b6
9. Rc1 Bb7 10. Qd2 h6 11. Nh2 Nf6 12. Rcd1 d5 13. e5 Ne4 14. Nxe4 dxe4 15. Be2
Nd5 16. c3 Nxe3 17. Qxe3 h5 18. f4 Bh6 19. g3 Bf8 20. Rf2 Qd7 21. Nf1 Qa4 22.
a3 Qb3 23. Qc1 b5 24. Ne3 Qa4 25. Rd2 Qa5 26. Bd1 Qb6 27. Rde2 c5 28. dxc5 Bxc5
29. Kh2 O-O 30. Bc2 Rfd8 31. Rg2 Rd7 32. g4 h4 33. Qe1 Kg7 34. g5 Rad8 35. Rg4
Bxe3 36. Rxe3 Rd2+ 37. Rg2 R2d7 38. Rge2 Qc5 39. Qxh4 Rh8 40. Qf2 Qc4 41. Qg2
Rhd8 42. Bxe4 Bxe4 43. Qxe4 Qb3 44. Qg2 Rd1 45. Rf3 Qc4 46. Rf1 Rxf1 47. Qxf1
Rd2 48. Rxd2 Qxf1 49. Rg2 0-1

[Event "V Open B"]
[Site "Montebelluna ITA"]
[Date "2007.03.09"]
[Round "1"]
[White "Brunello, Marco"]
[Black "Panican, Gheorghe"]
[Result "0-1"]
[WhiteElo "1395"]
[BlackElo "1530"]
[PlyCount "76"]
[EventDate "2007.03.09"]

1. e4 e5 2. Nf3 Nc6 3. d4 exd4 4. Bc4 Qf6 5. O-O d6 6. Bb5 Bg4 7. Qxd4 Bxf3 8.
Qxf6 Nxf6 9. gxf3 O-O-O 10. Bxc6 bxc6 11. Be3 d5 12. exd5 Nxd5 13. Bxa7 c5 14.
c4 Nb4 15. Nc3 Kb7 16. Nb5 c6 17. a3 Nd3 18. Rfd1 cxb5 19. cxb5 Kxa7 20. a4 c4
21. a5 Bc5 22. b6+ Ka6 23. b4 cxb3 24. Kf1 b2 25. Rab1 Ba3 26. Ke2 Rhe8+ 27.
Kf1 Nc1 28. Rxd8 Rxd8 29. Ke1 Na2 30. Ke2 Nc3+ 31. Ke1 Nxb1 32. Kf1 Nd2+ 33.
Kg2 b1=Q 34. h3 Qf1+ 35. Kg3 Bd6+ 36. f4 Qd3+ 37. Kg4 Qf3+ 38. Kf5 Qxf4# 0-1

[Event "V Open B"]
[Site "Montebelluna ITA"]
[Date "2007.03.09"]
[Round "1"]
[White "Codenotti, Marco"]
[Black "Carlino, Mauro"]
[Result "1-0"]
[WhiteElo "1602"]
[BlackElo "1434"]
[PlyCount "49"]
[EventDate "2007.03.09"]

1. e4 c5 2. Nc3 d6 3. f4 Nf6 4. Nf3 Nc6 5. Bc4 e6 6. O-O Be7 7. d3 O-O 8. Bb3
a6 9. h3 b5 10. g4 Nd7 11. Kh1 e5 12. f5 h6 13. Rg1 Kh8 14. Qe1 Nf6 15. g5 Nd7
16. gxh6 Rg8 17. Bxf7 Qf8 18. Bxg8 Qxg8 19. hxg7+ Kh7 20. Ng5+ Bxg5 21. Bxg5
Qxg7 22. Qh4+ Kg8 23. Bh6 Qxg1+ 24. Rxg1+ Kh8 25. Be3# 1-0

[Event "V Open B"]
[Site "Montebelluna ITA"]
[Date "2007.03.09"]
[Round "1"]
[White "De Nadai, Ruggero"]
[Black "Lippi, Agostino"]
[Result "0-1"]
[WhiteElo "1431"]
[BlackElo "1601"]
[PlyCount "82"]
[EventDate "2007.03.09"]

1. e4 c5 2. Nf3 d6 3. d4 cxd4 4. Nxd4 Nf6 5. Nc3 a6 6. Bg5 Nbd7 7. Be2 e6 8.
O-O Be7 9. h3 O-O 10. Qd2 Nc5 11. Bf3 Rb8 12. b4 Ncd7 13. Nce2 Nxe4 14. Bxe4
Bxg5 15. Qd3 Nf6 16. c4 Nxe4 17. Qxe4 Bf6 18. Rab1 e5 19. Nf3 Be6 20. Rfc1 Qd7
21. Rb2 Rfc8 22. c5 d5 23. Qe3 d4 24. Qe4 Qe7 25. Rd2 g6 26. g4 Rd8 27. g5 Bg7
28. Re1 Bxh3 29. Qh4 Bf5 30. Ng3 Be6 31. Ne4 Kh8 32. Nd6 Rxd6 33. cxd6 Qxd6 34.
a3 Bd5 35. Qg3 Re8 36. Nxd4 Qd8 37. Nf3 e4 38. Nh2 Be5 39. Qh3 Qxg5+ 40. Kf1
Qxd2 41. Ng4 Bc4+ 0-1

[Event "V Open B"]
[Site "Montebelluna ITA"]
[Date "2007.03.09"]
[Round "1"]
[White "Fragni, Enrico"]
[Black "Caprino, Marco"]
[Result "0-1"]
[WhiteElo "1824"]
[BlackElo "1497"]
[PlyCount "66"]
[EventDate "2007.03.09"]

1. Nf3 c5 2. c4 g6 3. Nc3 Bg7 4. d3 d6 5. Bd2 Nf6 6. h3 O-O 7. e3 Na6 8. Be2
Nc7 9. O-O d5 10. cxd5 Ncxd5 11. Nxd5 Nxd5 12. Rb1 e5 13. Qc2 b6 14. a3 Bb7 15.
b4 cxb4 16. axb4 e4 17. dxe4 Nf6 18. Rbd1 Nxe4 19. Bc3 Qc7 20. Bd3 Nxc3 21. Rc1
Bxf3 22. gxf3 Qd7 23. Kg2 Rac8 24. Ba6 Rcd8 25. Qb3 Qc6 26. Bc4 b5 27. Be2 Qf6
28. Rfe1 a6 29. Bf1 Qg5+ 30. Kh1 Qh4 31. Kg2 Rd2 32. Be2 Nxe2 33. Rcd1 Nd4 0-1

[Event "V Open B"]
[Site "Montebelluna ITA"]
[Date "2007.03.09"]
[Round "1"]
[White "Franco, Leopoldo"]
[Black "Valbusa, Giuseppe"]
[Result "1/2-1/2"]
[WhiteElo "1450"]
[BlackElo "1631"]
[PlyCount "83"]
[EventDate "2007.03.09"]

1. d4 g6 2. c4 Bg7 3. e3 b6 4. Nf3 Bb7 5. Be2 d6 6. Nc3 e6 7. O-O Ne7 8. e4 Nd7
9. d5 e5 10. g3 a6 11. a4 O-O 12. Nh4 f5 13. f4 exf4 14. exf5 fxg3 15. hxg3 Ne5
16. fxg6 N7xg6 17. Nxg6 Nxg6 18. Bf4 Bc8 19. Bg4 Bxg4 20. Qxg4 Nxf4 21. Rxf4
Qe7 22. Raf1 Rxf4 23. Rxf4 Rf8 24. Qe6+ Qxe6 25. Rxf8+ Kxf8 26. dxe6 Ke7 27.
Nd5+ Kxe6 28. Nxc7+ Kd7 29. Nxa6 Bxb2 30. Nb4 Ke6 31. Kg2 Bd4 32. Kf3 Bc5 33.
Nd3 Bd4 34. g4 Kf6 35. Nf4 Ke5 36. Nd3+ Ke6 37. Nf4+ Kd7 38. Ke4 Bc5 39. Nd5
Ke6 40. Nf4+ Kf6 41. Nd5+ Kg5 42. Kf3 1/2-1/2

[Event "V Open B"]
[Site "Montebelluna ITA"]
[Date "2007.03.09"]
[Round "1"]
[White "Giacomelli, Enzo"]
[Black "Valbusa, Lorenzo"]
[Result "1/2-1/2"]
[WhiteElo "1676"]
[BlackElo "1461"]
[PlyCount "69"]
[EventDate "2007.03.09"]

1. d4 d5 2. Nf3 Nf6 3. c4 e6 4. Nc3 c5 5. cxd5 Nxd5 6. e4 Nxc3 7. bxc3 Nc6 8.
Bc4 Qa5 9. Bd2 Qd8 10. Be3 cxd4 11. cxd4 Bb4+ 12. Kf1 O-O 13. g3 Qf6 14. e5 Qf5
15. Bd3 Qh5 16. h3 f6 17. g4 Qf7 18. Qc2 g6 19. Bh6 fxe5 20. Nxe5 Nxe5 21. Bxf8
Nxd3 22. Bh6 Bc3 23. Rd1 Qf3 24. Rh2 Nb4 25. Qb3 b6 26. a3 Ba6+ 27. Kg1 Bc4 28.
Qxc4 Qxd1+ 29. Kg2 Nd5 30. Qc6 Nf4+ 31. Bxf4 Rf8 32. Qxe6+ Rf7 33. Qc8+ Rf8 34.
Qe6+ Rf7 35. Qe8+ 1/2-1/2

[Event "V Open B"]
[Site "Montebelluna ITA"]
[Date "2007.03.09"]
[Round "1"]
[White "Mancin, Michele"]
[Black "Fausone, Vincenzo"]
[Result "1-0"]
[WhiteElo "1626"]
[BlackElo "1443"]
[PlyCount "59"]
[EventDate "2007.03.09"]

1. e4 e5 2. Nf3 Nc6 3. Bb5 d6 4. h3 a6 5. Ba4 Bd7 6. O-O Nf6 7. d3 Be7 8. Re1
O-O 9. c3 Na7 10. Bc2 h6 11. Nbd2 Re8 12. Nf1 Bf8 13. Ng3 Nc6 14. a3 Ne7 15. d4
Ng6 16. b4 b6 17. Bb2 Bc8 18. Qd2 Bb7 19. c4 exd4 20. Qxd4 c5 21. Qd2 Nd7 22.
Rad1 Nde5 23. Nxe5 Nxe5 24. Qc3 Qc7 25. Nf5 Rad8 26. f4 Ng6 27. Nxg7 Re7 28.
Nh5 f6 29. Nxf6+ Kf7 30. Nh5 1-0

[Event "V Open B"]
[Site "Montebelluna ITA"]
[Date "2007.03.09"]
[Round "1"]
[White "Mannori, Giampaolo"]
[Black "Filippi, Simone"]
[Result "1-0"]
[WhiteElo "1545"]
[BlackElo "1398"]
[PlyCount "161"]
[EventDate "2007.03.09"]

1. e4 c5 2. Nc3 Nc6 3. g3 d6 4. Bg2 Bd7 5. d3 Nf6 6. h3 e5 7. Be3 Be7 8. Qd2 h6
9. Nge2 Be6 10. f4 exf4 11. Nxf4 Nd4 12. Nxe6 Nxe6 13. O-O Qd7 14. Ne2 O-O-O
15. b4 d5 16. exd5 Nxd5 17. bxc5 Nxe3 18. Bh1 Nxf1 19. Kxf1 Bxc5 20. Rb1 Bb6
21. Nc1 Qd4 22. Qg2 Rd7 23. Nb3 Qf6+ 24. Ke2 Re8 25. Kd2 Ree7 26. Rf1 Qg5+ 27.
Kc3 Ba5+ 28. Kb2 Nd8 29. g4 g6 30. Qf2 Bb6 31. Qg2 Nc6 32. Nd2 Bd4+ 33. Kb1
Qb5+ 34. Nb3 Na5 35. Qd2 Nxb3 36. cxb3 Be3 37. Qc3+ Qc5 38. Qh8+ Kc7 39. Qa8
Qb6 40. Qh8 Rd8 41. Qc3+ Qc5 42. Qf6 Qe5 43. Qf3 Rb8 44. Re1 Ree8 45. Qxf7+ Re7
46. Qc4+ Qc5 47. Qxc5+ Bxc5 48. Be4 g5 49. Rc1 b6 50. b4 Re5 51. bxc5 Rxc5 52.
Rf1 Rd8 53. Rf6 Rd6 54. Rf7+ Rd7 55. Rf6 Rd4 56. a3 b5 57. Rf7+ Rd7 58. Rf6 a5
59. Ra6 b4 60. Ra7+ Kd8 61. Ra8+ Ke7 62. axb4 axb4 63. Rb8 Rdc7 64. Rxb4 Rc1+
65. Kb2 Rh1 66. Bxh1 Rd7 67. Be4 Rd6 68. Kc3 Ke6 69. d4 Ra6 70. Kc4 Ra3 71. Rb3
Ra4+ 72. Kc5 Ra5+ 73. Kb6 Ra8 74. Rd3 Rb8+ 75. Kc7 Rb4 76. Bf5+ Kd5 77. Kd7
Rxd4 78. Rxd4+ Kxd4 79. Ke6 Ke3 80. Kf6 Kf3 81. Kg6 1-0

[Event "V Open B"]
[Site "Montebelluna ITA"]
[Date "2007.03.09"]
[Round "1"]
[White "Reginato, Mauro"]
[Black "De Bortoli, Thomas"]
[Result "1-0"]
[WhiteElo "1895"]
[BlackElo "1506"]
[PlyCount "101"]
[EventDate "2007.03.09"]

1. e4 c5 2. Nf3 d6 3. d4 cxd4 4. Nxd4 Nf6 5. Nc3 g6 6. Be2 Bg7 7. O-O O-O 8.
Bg5 Nc6 9. Nb3 Bd7 10. f4 a5 11. a4 Nb4 12. Kh1 Rc8 13. Nd4 Bc6 14. Bf3 Na6 15.
Re1 Re8 16. Nxc6 bxc6 17. e5 dxe5 18. Qxd8 Rexd8 19. fxe5 Nd5 20. Nxd5 cxd5 21.
Bxe7 Re8 22. Bd6 Rxc2 23. Bxd5 Rxb2 24. Rf1 Kh8 25. Bxf7 Rc8 26. Rac1 Rxc1 27.
Rxc1 Nc5 28. Bxc5 Bxe5 29. Be8 Re2 30. Bb5 Re4 31. Bb6 Bf4 32. Rd1 Be5 33. Bxa5
Rh4 34. h3 g5 35. Bd8 h6 36. Rf1 Rd4 37. Bf6+ Bxf6 38. Rxf6 Kg7 39. Ra6 Rb4 40.
Bd3 Rd4 41. Ra7+ Kf6 42. Be2 Ke5 43. Ra6 Re4 44. Bf3 Rb4 45. Ra8 Kd6 46. a5 Ra4
47. a6 Kc7 48. Bb7 Kb6 49. Rh8 Rh4 50. Kh2 g4 51. Kg3 1-0

[Event "V Open B"]
[Site "Montebelluna ITA"]
[Date "2007.03.09"]
[Round "1"]
[White "Soppelsa, Maurizio"]
[Black "De Filomeno, Claudio"]
[Result "1-0"]
[WhiteElo "1518"]
[BlackElo "1371"]
[PlyCount "57"]
[EventDate "2007.03.09"]

1. c4 e5 2. Nc3 Nf6 3. d3 Nc6 4. Nf3 Bc5 5. Bg5 h6 6. Bxf6 Qxf6 7. e3 O-O 8. a3
a6 9. Be2 d6 10. O-O Be6 11. Ne4 Qg6 12. Nxc5 dxc5 13. Nd2 b5 14. Ne4 Bh3 15.
Bf3 Rad8 16. Kh1 Bf5 17. Rc1 Rfe8 18. cxb5 axb5 19. Rxc5 Rb8 20. b4 Re7 21.
Nf6+ Qxf6 22. Rxc6 Qg5 23. e4 Be6 24. Qc2 Bg4 25. Bxg4 Qxg4 26. Rc1 Rc8 27. Qc5
Rd7 28. f3 Qh4 29. Qxb5 1-0

[Event "V Open B"]
[Site "Montebelluna ITA"]
[Date "2007.03.09"]
[Round "1"]
[White "Sorbera, Enrico"]
[Black "Piaggio, Fabrizio"]
[Result "1-0"]
[WhiteElo "1311"]
[BlackElo "1509"]
[PlyCount "65"]
[EventDate "2007.03.09"]

1. g3 d5 2. Bg2 Nf6 3. d3 g6 4. Nf3 Bg7 5. c3 c6 6. a3 O-O 7. b4 Ng4 8. Bb2 Nd7
9. Qc2 Qb6 10. O-O Nge5 11. Nbd2 Nxf3+ 12. Nxf3 e5 13. a4 a5 14. Nd2 Re8 15. b5
cxb5 16. Bxd5 bxa4 17. Rxa4 Nc5 18. Raa1 Qd6 19. Bf3 Be6 20. Ba3 Bd5 21. Ne4
Bxe4 22. Bxe4 Ra7 23. Rab1 b6 24. Qa2 Rd7 25. Rb5 Qc7 26. Bxc5 bxc5 27. Rxa5
Kf8 28. Rb1 f5 29. Rb7 Qc8 30. Rxd7 Qxd7 31. Ra7 Qxa7 32. Qxa7 fxe4 33. Qxc5+
1-0

[Event "V Open B"]
[Site "Montebelluna ITA"]
[Date "2007.03.09"]
[Round "1"]
[White "Steger, Andreas"]
[Black "Pompili, Alberto"]
[Result "1/2-1/2"]
[WhiteElo "1503"]
[BlackElo "1846"]
[PlyCount "52"]
[EventDate "2007.03.09"]

1. c4 Nf6 2. Nf3 g6 3. g3 Bg7 4. Bg2 d6 5. O-O O-O 6. Nc3 c6 7. d4 Nbd7 8. e4
Qc7 9. Be3 e5 10. d5 c5 11. Nd2 a6 12. a4 Re8 13. Rb1 Nf8 14. h3 a5 15. Nb5 Qb8
16. Re1 Bd7 17. Qb3 Bxb5 18. Qxb5 Nh5 19. Bf3 Nf6 20. Bg2 N8d7 21. Bg5 Qc7 22.
Re3 Nh5 23. Rb3 b6 24. Bf3 h6 25. Be3 Nhf6 26. Rc1 Rac8 1/2-1/2

[Event "V Open B"]
[Site "Montebelluna ITA"]
[Date "2007.03.09"]
[Round "1"]
[White "Stella, Luca"]
[Black "Sorbera, Giovanni"]
[Result "1-0"]
[WhiteElo "1725"]
[BlackElo "1476"]
[PlyCount "35"]
[EventDate "2007.03.09"]

1. e4 d5 2. exd5 Qxd5 3. Nc3 Qa5 4. d4 c6 5. Bc4 Nf6 6. Bd2 g6 7. Nf3 Bg4 8.
Qe2 Qh5 9. O-O-O Bxf3 10. gxf3 Bh6 11. Rhe1 O-O 12. Kb1 Bxd2 13. Rxd2 Qxh2 14.
Qe3 Nbd7 15. Rdd1 Rfe8 16. Rh1 Qc7 17. Rdg1 h5 18. Rxg6+ 1-0

[Event "V Open B"]
[Site "Montebelluna ITA"]
[Date "2007.03.10"]
[Round "2"]
[White "Bortolotto, Denzio"]
[Black "Franco, Leopoldo"]
[Result "1-0"]
[WhiteElo "1611"]
[BlackElo "1450"]
[PlyCount "183"]
[EventDate "2007.03.09"]

1. d4 d5 2. c4 e6 3. Nc3 Nf6 4. Bg5 Be7 5. Nf3 c5 6. e3 Nc6 7. Be2 cxd4 8. Nxd4
O-O 9. O-O Nxd4 10. Qxd4 dxc4 11. Qxc4 Bd7 12. Rad1 Rc8 13. Qb3 Qc7 14. h3 Bc6
15. Rc1 Qe5 16. Bf4 Qa5 17. Bb5 Bb4 18. Bxc6 Rxc6 19. Ne2 Rfc8 20. Rxc6 bxc6
21. a3 Bf8 22. Qb7 Re8 23. Qxc6 h6 24. Nc3 g5 25. Bg3 Qf5 26. e4 Qc5 27. Qxc5
Bxc5 28. b4 Bf8 29. e5 Nh5 30. Ne4 Bg7 31. Bh2 f6 32. exf6 Nxf6 33. Nc5 Nd5 34.
Re1 Kf7 35. Ne4 Re7 36. Bd6 Rd7 37. Bc5 Bb2 38. a4 Nc3 39. Nd6+ Kg8 40. Rxe6
Nxa4 41. Rxh6 Nxc5 42. bxc5 Kf8 43. Rg6 Rc7 44. Rxg5 Ba3 45. Ne4 Kf7 46. Rd5
Ke6 47. Rh5 a5 48. Kf1 a4 49. Nc3 Bxc5 50. Nxa4 Ba7 51. Rh6+ Kd5 52. Rf6 Kd4
53. Ke2 Ke5 54. Rf8 Rc2+ 55. Kd3 Ra2 56. Nc3 Ra6 57. f4+ Ke6 58. f5+ Ke7 59.
Rg8 Bg1 60. Nd5+ Kf7 61. Rd8 Ra2 62. Rd7+ Ke8 63. Re7+ Kf8 64. Re2 Ra3+ 65. Ke4
Ra4+ 66. Kf3 Bc5 67. g4 Rd4 68. Nf4 Ra4 69. Ne6+ Kf7 70. Nxc5 Rc4 71. Ne4 Rc1
72. Rd2 Rh1 73. Kf4 Ke7 74. Ng5 Kf8 75. Rd6 Ke7 76. Re6+ Kd7 77. Kg3 Rf1 78. h4
Rg1+ 79. Kf4 Ra1 80. h5 Ra4+ 81. Ne4 Ra1 82. h6 Rf1+ 83. Kg5 Rh1 84. h7 Kd8 85.
Rh6 Rxh6 86. Kxh6 Ke7 87. h8=Q Kd7 88. Qf6 Kc7 89. g5 Kb7 90. g6 Kc7 91. g7 Kb7
92. g8=Q 1-0

[Event "V Open B"]
[Site "Montebelluna ITA"]
[Date "2007.03.10"]
[Round "2"]
[White "Campagnola, Giacomo"]
[Black "Bianchin, Raffaele"]
[Result "0-1"]
[WhiteElo "1425"]
[BlackElo "1506"]
[PlyCount "114"]
[EventDate "2007.03.09"]

1. e4 c5 2. Nf3 d6 3. d4 cxd4 4. Nxd4 Nf6 5. Nc3 Nc6 6. Bb5 Bd7 7. O-O a6 8.
Bxc6 Bxc6 9. Re1 e5 10. Nxc6 bxc6 11. Bg5 Be7 12. Qd3 Qd7 13. Rad1 Qb7 14. b3
Rd8 15. Rd2 h6 16. Bh4 Ng8 17. Bxe7 Nxe7 18. Red1 O-O 19. Qe2 Nc8 20. Qc4 Rfe8
21. Ne2 Qb5 22. Qxb5 cxb5 23. Ng3 g6 24. f3 Re6 25. Rc1 Nb6 26. c4 bxc4 27.
bxc4 Rc8 28. Rdc2 Re7 29. c5 Rec7 30. c6 Kf8 31. Nf1 d5 32. exd5 Nxd5 33. Rd2
Ne7 34. Ne3 Rxc6 35. Rcd1 Rc1 36. Kf2 Rxd1 37. Rxd1 h5 38. h3 Ke8 39. g4 Rd8
40. Rxd8+ Kxd8 41. Kg3 hxg4 42. Nxg4 Nc6 43. Nh6 Ke7 44. Kf2 Nb4 45. a3 Nc2 46.
a4 Nd4 47. Kg2 Ne6 48. Ng4 Kd6 49. Nf6 Nc5 50. Ne8+ Ke7 51. Nc7 a5 52. Nd5+ Kd6
53. Nc3 Ke6 54. Kf2 Kf5 55. Kg3 e4 56. Nxe4 Nxe4+ 57. fxe4+ Kxe4 0-1

[Event "V Open B"]
[Site "Montebelluna ITA"]
[Date "2007.03.10"]
[Round "2"]
[White "Caprino, Marco"]
[Black "Ferracin, Nicola"]
[Result "1-0"]
[WhiteElo "1497"]
[BlackElo "1615"]
[PlyCount "73"]
[EventDate "2007.03.09"]

1. e4 e6 2. d3 d5 3. Nd2 c5 4. Ngf3 Nc6 5. Be2 Nf6 6. exd5 exd5 7. O-O Bd6 8.
Nb3 h6 9. Re1 O-O 10. d4 b6 11. Be3 Ng4 12. dxc5 Nxe3 13. fxe3 Bxc5 14. Nxc5
bxc5 15. c4 d4 16. exd4 cxd4 17. Qd2 Qd6 18. a3 a5 19. Rad1 Rd8 20. Bd3 Be6 21.
Re4 Rab8 22. Rf1 Qc5 23. Qc2 Bf5 24. Re2 Bxd3 25. Qxd3 a4 26. Kh1 Rb3 27. Qe4
d3 28. Rd2 Na5 29. Ne5 Qd4 30. Qf5 Rb7 31. Rxd3 Qb6 32. Rxd8+ Qxd8 33. Nxf7 Qc7
34. Qd5 Qxc4 35. Qd8+ Kh7 36. Qh8+ Kg6 37. Ne5+ 1-0

[Event "V Open B"]
[Site "Montebelluna ITA"]
[Date "2007.03.10"]
[Round "2"]
[White "De Filomeno, Claudio"]
[Black "Biagioli, Marco"]
[Result "0-1"]
[WhiteElo "1371"]
[BlackElo "1467"]
[PlyCount "50"]
[EventDate "2007.03.09"]

1. e4 e6 2. d4 d5 3. e5 c5 4. Nf3 Nc6 5. c3 Qb6 6. Be2 Nge7 7. O-O Ng6 8. Bd3
cxd4 9. Bxg6 hxg6 10. cxd4 Bd7 11. b3 O-O-O 12. Ng5 Be8 13. Be3 Be7 14. Nf3 f6
15. Qd2 Bf7 16. Qb2 Rh7 17. Nbd2 Rdh8 18. Rfc1 Kb8 19. Bf4 f5 20. Bg5 Bxg5 21.
Nxg5 Rxh2 22. g3 Rh1+ 23. Kg2 R8h2+ 24. Kf3 Nxd4+ 25. Ke3 Nxb3+ 0-1